|
|
|
|
| LEADER |
00000nam0a2200000 4500 |
| 001 |
164810 |
| 005 |
20231031161503.0 |
| 010 |
|
|
|a 5308008744
|
| 020 |
|
|
|a RU
|b 91-12549
|
| 035 |
|
|
|a (RuTPU)RU\TPU\book\178804
|
| 090 |
|
|
|a 164810
|
| 100 |
|
|
|a 20090910d1991 m y0rusy5003 ca
|
| 101 |
0 |
|
|a rus
|
| 102 |
|
|
|a UA
|
| 105 |
|
|
|a a z 000gy
|
| 200 |
1 |
|
|a Ольвийский причал
|e стихотворения
|f Э. И. Январев
|
| 210 |
|
|
|a Киев
|c Днiпро
|d 1991
|
| 215 |
|
|
|a 246,[1] с.
|c портр.
|d 17 см
|
| 610 |
1 |
|
|a поэзия
|
| 610 |
1 |
|
|a стихотворения
|
| 675 |
|
|
|a Р2
|z rus
|
| 700 |
|
1 |
|a Январев
|b Э. И.
|g Эмиль Израилевич
|4 070
|
| 801 |
|
0 |
|a RU
|b RuMRKP
|c 19950417
|g psbo
|
| 801 |
|
1 |
|a RU
|b 63413507
|c 20090910
|
| 801 |
|
2 |
|a RU
|b 63413507
|c 20090910
|g RCR
|
| 942 |
|
|
|c BK
|